000 01246cam a2200325 i 4500
999 _c68111
_d68111
001 26243
003 Mx-PuUPA
005 20191008162950.0
008 140415s2006 gw r 000 0 ger d
020 _a9783451273773
020 _a3451273772
040 _aMx-PuUPA
_bspa
_cMx-PuUPA
_dMx-PuUPA
_erda
041 0 _ager
245 0 0 _aEdith Stein.
_n7.
_pEine untersuchung über den staat /
_cIlona Riedel-Spangenberger, editor ; Hanna-Barbara Gerl-Falkovitz, colaborador ; Internationales Edith Stein Institut
246 3 1 _aEdith Stein Gesamtausgabe. ESGA
264 4 _aFreiburg im breisgau :
_bVerlag Herder GmbH,
_c©2006
300 _axxxi, 134 páginas ;
_c22 cm.
336 _2rdacontent
_atexto
_btxt
337 _2rdamedia
_asin medio
_bn
338 _2rdacarrier
_avolumen
_bnc
490 0 _aB. Philosophische Schriften
490 0 _aAbteilung 1. Frühe phänomenologie.
_v3
600 1 4 _aEdith Stein, -- Santa,
_d1891-1942
_xEstado (ciencia política)
700 1 _aRiedel-Spangenberger, Ilona,
_eeditor
700 1 _aGerl-Falkovitz, Hanna-Barbara,
_ecolaborador
710 2 _aInternationales Edith Stein Institut
942 _2ddc
_cLI
_h271.971022
_iE234